<?xml version="1.0" encoding="UTF-8"?>
<record
    xmlns:xsi="http://www.w3.org/2001/XMLSchema-instance"
    xsi:schemaLocation="http://www.loc.gov/MARC21/slim http://www.loc.gov/standards/marcxml/schema/MARC21slim.xsd"
    xmlns="http://www.loc.gov/MARC21/slim">

  <leader>02489njm a2200397Ia 4500</leader>
  <controlfield tag="001">20273</controlfield>
  <controlfield tag="003">IT-RoPAU</controlfield>
  <controlfield tag="005">20220918181155.0</controlfield>
  <controlfield tag="008">131025s9999    xx            000 0 und d</controlfield>
  <datafield tag="040" ind1=" " ind2=" ">
    <subfield code="a">IT-RoPAU</subfield>
  </datafield>
  <datafield tag="040" ind1=" " ind2=" ">
    <subfield code="c">IT-RoPAU</subfield>
  </datafield>
  <datafield tag="041" ind1=" " ind2=" ">
    <subfield code="a">INGLESE</subfield>
  </datafield>
  <datafield tag="999" ind1=" " ind2=" ">
    <subfield code="c">102490</subfield>
    <subfield code="d">102490</subfield>
  </datafield>
  <datafield tag="999" ind1=" " ind2=" ">
    <subfield code="b">n.d.</subfield>
  </datafield>
  <datafield tag="100" ind1=" " ind2=" ">
    <subfield code="a">AA.VV.</subfield>
    <subfield code="9">794</subfield>
  </datafield>
  <datafield tag="100" ind1=" " ind2=" ">
    <subfield code="e">Autore musica</subfield>
    <subfield code="9">1196</subfield>
  </datafield>
  <datafield tag="100" ind1=" " ind2=" ">
    <subfield code="g">Codice autore musica SPICS: 12000</subfield>
    <subfield code="9">796</subfield>
  </datafield>
  <datafield tag="245" ind1=" " ind2=" ">
    <subfield code="a">Music From Big Pink (The)-2 Lp 3C 154 50195</subfield>
  </datafield>
  <datafield tag="250" ind1=" " ind2=" ">
    <subfield code="a">1a ed.</subfield>
  </datafield>
  <datafield tag="260" ind1=" " ind2=" ">
    <subfield code="a">USA</subfield>
  </datafield>
  <datafield tag="260" ind1=" " ind2=" ">
    <subfield code="b">CAPITOL RECORDS</subfield>
    <subfield code="c">1974 [1a Ed.:1974 - Ed. Lingua Orig.: 1974]</subfield>
  </datafield>
  <datafield tag="300" ind1=" " ind2=" ">
    <subfield code="a">DISCO</subfield>
  </datafield>
  <datafield tag="500" ind1=" " ind2=" ">
    <subfield code="a">Musica pop inglese</subfield>
  </datafield>
  <datafield tag="505" ind1=" " ind2=" ">
    <subfield code="a">Tears of Rage - To Kingdom Come - In a Station - Caledonia Mission - Weight - We Can Talk - Long Black Veil - Chest Fever - Lonesome Suzie - This Wheel's On Fire - I Shall Be Released - Across the Great Divide - Rag Mama Rag - The Night They Drove Old Dixie Down - When You Awake - Up On Cripple Creek - Whispering Pines - Jemima Surrender - Rockin' Chair - Look Uiout Cleveland - The Unfaithful Servant - King Harvest (Has Surely Come) - Jawbone</subfield>
  </datafield>
  <datafield tag="511" ind1=" " ind2=" ">
    <subfield code="a">The Band: Danko Rick, Helm Levon, Hudson Garth, Manuel Richard Robertson </subfield>
  </datafield>
  <datafield tag="650" ind1=" " ind2=" ">
    <subfield code="a">POP [DISCHI]</subfield>
    <subfield code="e">Codice MATERIA SPICS: 9950</subfield>
    <subfield code="9">1001</subfield>
  </datafield>
  <datafield tag="700" ind1=" " ind2=" ">
    <subfield code="a">Band (The)</subfield>
    <subfield code="g">Codice Autore SPICS: 10742</subfield>
    <subfield code="e">Autore</subfield>
    <subfield code="9">1197</subfield>
  </datafield>
  <datafield tag="700" ind1=" " ind2=" ">
    <subfield code="a">Dylan Bob</subfield>
    <subfield code="g">Codice autore musica SPICS: 7026</subfield>
    <subfield code="e">Autore musica</subfield>
    <subfield code="p">Tears of Rage - This Wheel's On Fire - I Shall Be Released</subfield>
    <subfield code="9">1198</subfield>
  </datafield>
  <datafield tag="700" ind1=" " ind2=" ">
    <subfield code="a">Manuel Richard</subfield>
    <subfield code="g">Codice autore SPICS: 23072</subfield>
    <subfield code="e">Autore</subfield>
    <subfield code="p">Tears of Rage - In a Station - We Can Talk - Lonesome Suzie - When You Awake - Whispering Pines - Jawbone</subfield>
    <subfield code="9">1199</subfield>
  </datafield>
  <datafield tag="700" ind1=" " ind2=" ">
    <subfield code="a">Danko Rick</subfield>
    <subfield code="g">Codice Interprete SPICS: 24588</subfield>
    <subfield code="e">Interprete</subfield>
    <subfield code="p">This Wheel's On Fire</subfield>
    <subfield code="9">1200</subfield>
  </datafield>
  <datafield tag="700" ind1=" " ind2=" ">
    <subfield code="a">Robertson Jaime Robbie</subfield>
    <subfield code="g">Codice autore musica SPICS: 23071</subfield>
    <subfield code="e">Autore musica</subfield>
    <subfield code="p">To Kingdom Come - Caledonia Mission - The Weight - Chest Fever - Across the Great Divide - Rag Mama Rag - The Night They Drove Old Dixie Down - Up On Cripple Creek - Rockin' Chair - Look Uiout Cleveland - The Unfaithful Servant - King Harvest (Has Surely Come)</subfield>
    <subfield code="9">1201</subfield>
  </datafield>
  <datafield tag="700" ind1=" " ind2=" ">
    <subfield code="a">Wilkin M.</subfield>
    <subfield code="g">Codice autore musica SPICS: 24505</subfield>
    <subfield code="e">Autore musica</subfield>
    <subfield code="p">Long Black Veil</subfield>
    <subfield code="9">1202</subfield>
  </datafield>
  <datafield tag="700" ind1=" " ind2=" ">
    <subfield code="a">Dill D.</subfield>
    <subfield code="g">Codice autore SPICS: 24587</subfield>
    <subfield code="e">Autore</subfield>
    <subfield code="p">Long Black Veil</subfield>
    <subfield code="9">1203</subfield>
  </datafield>
  <datafield tag="700" ind1=" " ind2=" ">
    <subfield code="a">Danko Rick</subfield>
    <subfield code="g">Codice autore SPICS: 24588</subfield>
    <subfield code="e">Autore</subfield>
    <subfield code="p">This Wheel's On Fire</subfield>
    <subfield code="9">1204</subfield>
  </datafield>
  <datafield tag="700" ind1=" " ind2=" ">
    <subfield code="a">Helm Levon</subfield>
    <subfield code="g">Codice autore musica SPICS: 24506</subfield>
    <subfield code="e">Autore musica</subfield>
    <subfield code="p">Jemima Surrender</subfield>
    <subfield code="9">1205</subfield>
  </datafield>
  <datafield tag="942" ind1=" " ind2=" ">
    <subfield code="c">MD</subfield>
    <subfield code="2">ddc</subfield>
  </datafield>
  <datafield tag="952" ind1=" " ind2=" ">
    <subfield code="0">0</subfield>
    <subfield code="1">0</subfield>
    <subfield code="4">0</subfield>
    <subfield code="6">20273_000000000000000</subfield>
    <subfield code="7">1</subfield>
    <subfield code="a">SPICS</subfield>
    <subfield code="b">SPICS</subfield>
    <subfield code="d">2013-10-25</subfield>
    <subfield code="l">0</subfield>
    <subfield code="o">20273</subfield>
    <subfield code="r">2013-10-25 00:00:00</subfield>
    <subfield code="w">2013-10-25</subfield>
    <subfield code="y">MD</subfield>
    <subfield code="z">Progr. Ins.: 3585 / N.Vol.: 2 / Copie: 1 - Copia rara: n.d. / date import: 01.01.2014 - By Epidotti, Trombetti, Vaglietti</subfield>
  </datafield>
</record>
